<?xml version="1.0" encoding="UTF-8"?>
<record
    xmlns:xsi="http://www.w3.org/2001/XMLSchema-instance"
    xsi:schemaLocation="http://www.loc.gov/MARC21/slim http://www.loc.gov/standards/marcxml/schema/MARC21slim.xsd"
    xmlns="http://www.loc.gov/MARC21/slim">

  <leader>02235nam a2200301uu 4500</leader>
  <controlfield tag="001">1575251</controlfield>
  <controlfield tag="005">20241120090732.0</controlfield>
  <controlfield tag="007">cr|||||||</controlfield>
  <controlfield tag="008">220823s2022                        spa  </controlfield>
  <datafield tag="035" ind1=" " ind2=" ">
    <subfield code="a">1575251</subfield>
  </datafield>
  <datafield tag="040" ind1=" " ind2=" ">
    <subfield code="c">comduadb</subfield>
  </datafield>
  <datafield tag="041" ind1=" " ind2=" ">
    <subfield code="a">spa</subfield>
  </datafield>
  <datafield tag="100" ind1="1" ind2="0">
    <subfield code="a">Mosquera Mosquera, Kelly</subfield>
    <subfield code="4">aut</subfield>
    <subfield code="e">aut</subfield>
    <subfield code="9">819162</subfield>
  </datafield>
  <datafield tag="245" ind1="1" ind2="3">
    <subfield code="a">El educador especial como docente de aula : un estratega de la ense&#xF1;anza para la educaci&#xF3;n inclusiva</subfield>
  </datafield>
  <datafield tag="260" ind1=" " ind2=" ">
    <subfield code="a">Medell&#xED;n :</subfield>
    <subfield code="b">Autores (as),</subfield>
    <subfield code="c">2022.</subfield>
  </datafield>
  <datafield tag="300" ind1=" " ind2=" ">
    <subfield code="a">82 P&#xE1;ginas</subfield>
  </datafield>
  <datafield tag="520" ind1="3" ind2=" ">
    <subfield code="a">El siguiente trabajo de investigaci&#xF3;n tiene como objetivo identificar la relaci&#xF3;n entre las exigencias de la educaci&#xF3;n inclusiva y el desempe&#xF1;o de educadores especiales como docentes de aula, a partir del an&#xE1;lisis de las consideraciones en la planeaci&#xF3;n e implementaci&#xF3;n de las estrategias de ense&#xF1;anza de estos profesionales, para aportar a la cualificaci&#xF3;n de la educaci&#xF3;n inclusiva. La metodolog&#xED;a implementada fue de modalidad cualitativa, con un enfoque cr&#xED;tico social y el m&#xE9;todo de investigaci&#xF3;n acci&#xF3;n. Las t&#xE9;cnicas utilizadas fueron: entrevistas semiestructuradas y diarios pedag&#xF3;gicos; esto con el apoyo de 6 licenciados en educaci&#xF3;n especial que se desempe&#xF1;an como docentes de aula. Los hallazgos se ven reflejados en tres categor&#xED;as: formaci&#xF3;n, en la que hace referencia a todo lo que el maestro aprende a lo largo de su proceso formativo y el conocimiento adquirido en la experiencia; condiciones materiales, donde se toma en cuenta los recursos educativos, n&#xFA;meros de estudiantes, tiempos para el aprendizaje, escenarios y exigencias institucionales, y finalmente, la actitud, entendida como requisito para lograr un proceso de ense&#xF1;anza y aprendizaje efectivo.</subfield>
  </datafield>
  <datafield tag="650" ind1=" " ind2="7">
    <subfield code="a">Educaci&#xF3;n inclusiva</subfield>
    <subfield code="2">embne</subfield>
    <subfield code="9">158795</subfield>
  </datafield>
  <datafield tag="650" ind1=" " ind2="7">
    <subfield code="a">Educaci&#xF3;n especial</subfield>
    <subfield code="2">armarc</subfield>
    <subfield code="9">1716</subfield>
  </datafield>
  <datafield tag="650" ind1=" " ind2="7">
    <subfield code="a">Estrategias de ense&#xF1;anza</subfield>
    <subfield code="2"></subfield>
    <subfield code="9">21010</subfield>
  </datafield>
  <datafield tag="700" ind1="1" ind2="0">
    <subfield code="a">Rend&#xF3;n Vel&#xE1;squez, Mar&#xED;a Camila</subfield>
    <subfield code="4">aut</subfield>
    <subfield code="e">aut</subfield>
    <subfield code="9">796515</subfield>
  </datafield>
  <datafield tag="700" ind1="1" ind2="0">
    <subfield code="a">Acevedo Franco, Diego Alejandro</subfield>
    <subfield code="4">aut</subfield>
    <subfield code="e">aut</subfield>
    <subfield code="9">821945</subfield>
  </datafield>
  <datafield tag="700" ind1=" " ind2="0">
    <subfield code="a">Palacio Peralta, Nilva Rosa</subfield>
    <subfield code="c">Doctora en Educaci&#xF3;n</subfield>
    <subfield code="4">ths</subfield>
    <subfield code="e">ths</subfield>
    <subfield code="9">464096</subfield>
  </datafield>
  <datafield tag="856" ind1="4" ind2=" ">
    <subfield code="u">https://bibliotecadigital.udea.edu.co/handle/10495/30137</subfield>
  </datafield>
  <datafield tag="942" ind1=" " ind2=" ">
    <subfield code="c">TESIS</subfield>
    <subfield code="n">0</subfield>
  </datafield>
  <datafield tag="999" ind1=" " ind2=" ">
    <subfield code="c">838724</subfield>
    <subfield code="d">838724</subfield>
  </datafield>
  <datafield tag="502" ind1=" " ind2=" ">
    <subfield code="b">145</subfield>
    <subfield code="c">15</subfield>
  </datafield>
  <datafield tag="526" ind1=" " ind2=" ">
    <subfield code="a">147</subfield>
  </datafield>
</record>
